Skúmanie regionálnych disparít krajín Európskej únie bakalárska práca

Salvato in:
Dettagli Bibliografici
Autore principale: Žipajová, Renáta
Ente Autore: Podnikovohospodárska fakulta EU so sídlom v Košiciach. Katedra ekonómie
Altri autori: Kropková, Zlata
Natura: Libro
Lingua:slovacco
Pubblicazione: Košice 2009
Tags: Aggiungi Tag
Nessun Tag, puoi essere il primo ad aggiungerne!!

MARC

LEADER 00000nam$a2200000$$$4500
001 0106297
005 20240827092957.2
041 0 |a slo 
044 |a SK 
245 1 0 |a Skúmanie regionálnych disparít krajín Európskej únie  |b bakalárska práca  |c Renáta Žipajová ; škol. Zlata Kropková 
264 1 |a Košice  |c 2009 
300 |a 51 s. 
100 1 |a Žipajová, Renáta 
700 1 |a Kropková, Zlata 
710 2 |a Podnikovohospodárska fakulta EU so sídlom v Košiciach. Katedra ekonómie